[Event "BI-2012-F-00005"]
[Site "LSS email"]
[Date "2013.02.15"]
[Round "?"]
[White "Meissner, Ruediger"]
[Black "Dziedzina, Michael"]
[Result "1/2-1/2"]
[WhiteElo "2063"]
[BlackElo "2223"]
[PlyCount "64"]
[EventDate "2013.02.20"]
[EventType "tourn (corr)"]
[EventRounds "10"]
[EventCountry "GER"]
[SourceTitle "Telechess CBM 163"]
[Source "ChessBase"]
[SourceDate "2014.11.11"]
[SourceVersion "2"]
[SourceVersionDate "2014.11.11"]
[SourceQuality "1"]

1. d4 Nf6 2. Nf3 c5 3. e3 d5 4. b3 Nc6 5. Bb2 Bg4 6. Be2 e6 7. Nbd2 Bd6 8. 0-0 0-0 9. c4 Qe7 10. Rc1 Rfd8 11. h3 Bh5 12. cxd5 Nxd5 13. Ne4 cxd4 14. Nxd4 Bxe2 15. Qxe2 Nxd4 16. Bxd4 Ba3 17. Rc2 Rac8 18. Rc4 b6 19. Rd1 Rc7 20. Rxc7 Qxc7 21. Rd3 Qc1+ 22. Rd1 Qc7 23. Rd3 Be7 24. Bb2 Nb4 25. Rxd8+ Qxd8 26. Bc3 Nd5 27. Bb2 Qc7 28. a3 h6 29. Qd3 f5 30. Nd2 Kf7 31. Nc4 Bf6 32. Bxf6 gxf6 1/2-1/2